Most Popular Websites by Country - Statistics

General Stats
  • This quiz has been taken 970 times
  • The average score is 12 of 31
Answer Stats
Answer % Correct
google.ca
93%
google.com
93%
google.com.hk
93%
google.co.uk
93%
google.fr
93%
facebook.com
91%
twitter.com
75%
youtube.com
74%
yahoo.com
71%
amazon.com
62%
amazon.co.uk
62%
ebay.com
47%
ebay.co.uk
47%
wikipedia.org
45%
bbc.co.uk
33%
baidu.com
19%
linkedin.com
17%
craigslist.org
12%
weibo.com
11%
live.com
9%
qq.com
5%
sina.com.cn
4%
taobao.com
4%
youku.com
3%
leboncoin.fr
2%
orange.fr
2%
sohu.com
2%
163.com
1%
free.fr
1%
ifeng.com
1%
kijiji.ca
1%
No matching quizzes found
Score Distribution
Percent of People with Each Score
Percentile by Number Answered
Your Score History
You have not taken this quiz